000 00350nam a2200145Ia 4500
008 210716s2003 xx 000 0 und d
041 _aeng
082 _a658.848 BALT
100 _aBalagopal, T A S.
245 _aExport marketing.
250 _a1
260 _aNew Delhi
_bHimalaya Publishing House
_c2003
300 _a198
650 _aMarketing
999 _c197614
_d197614